005700000a22001450004500090001400000245003100014500004500045041001400090700003100104100003000135942001300165773005500178999001700233952017400250 aARb0424110aNotas escarabeidologicas I a0 aEspañol1 aMartínez, Antonio9959671 aPereira, Francisco998122 cARTICULO1 tActa Biológica Venezuelicah33q453-465d1959g2 c13338d13338 001040718HEMEROTECAaBogotabBogotad2006-11-15eTrujillo, DiegohFuera de circulaciónl0oAR 04241p023682r2015-03-25 00:00:00t1w2015-03-25xEntregadoyARTICULO